000 00305nam a22001337a 4500
008 170926b xxu||||| |||| 00| 0 eng d
020 _a0871292718
041 _aeng
080 _a37
100 _a46
101 _aEDU
245 _aJUNIOR HIGH SCHOOL ONE ACT COMEDIES
_cJAMES.H
942 _2udc
_cBK
999 _c29805
_d29805